Numerical Analysis in Engineering (Record no. 6726)
[ view plain ]
| 000 -LEADER | |
|---|---|
| fixed length control field | 00603nam a22002177a 4500 |
| 003 - CONTROL NUMBER IDENTIFIER | |
| control field | OSt |
| 005 - DATE AND TIME OF LATEST TRANSACTION | |
| control field | 20231021123134.0 |
| 008 - FIXED-LENGTH DATA ELEMENTS--GENERAL INFORMATION | |
| fixed length control field | 200310b ||||| |||| 00| 0 eng d |
| 020 ## - INTERNATIONAL STANDARD BOOK NUMBER | |
| International Standard Book Number | 9788173198212 |
| 040 ## - CATALOGING SOURCE | |
| Transcribing agency | 040a |
| 082 ## - DEWEY DECIMAL CLASSIFICATION NUMBER | |
| Classification number | 518 BHA 2004 |
| 100 ## - MAIN ENTRY--PERSONAL NAME | |
| Relator code | Bhat, R.B.; Chakraverty, S. |
| 245 ## - TITLE STATEMENT | |
| Title | Numerical Analysis in Engineering |
| 250 ## - EDITION STATEMENT | |
| Edition statement | Rev.ed. |
| 260 ## - PUBLICATION, DISTRIBUTION, ETC. (IMPRINT) | |
| Place of publication, distribution, etc. | New Delhi |
| Name of publisher, distributor, etc. | Narosa publishing house |
| Date of publication, distribution, etc. | 2004 |
| 300 ## - PHYSICAL DESCRIPTION | |
| Extent | ix, 320p; |
| Other physical details | ill : |
| Dimensions | 22 cm. |
| 504 ## - BIBLIOGRAPHY, ETC. NOTE | |
| Bibliography, etc | Includes bibliographical references and index |
| 650 ## - SUBJECT ADDED ENTRY--TOPICAL TERM | |
| Source of heading or term | Numerical analysis |
| 650 ## - SUBJECT ADDED ENTRY--TOPICAL TERM | |
| Source of heading or term | Engineering |
| 942 ## - ADDED ENTRY ELEMENTS (KOHA) | |
| Source of classification or shelving scheme | Dewey Decimal Classification |
| Koha item type | Open Shelf |
| Withdrawn status | Lost status | Source of classification or shelving scheme | Damaged status | Not for loan | Home library | Current library | Date acquired | Source of acquisition | Inventory number | Total Checkouts | Full call number | Barcode | Date last seen | Koha item type | Price effective from |
|---|---|---|---|---|---|---|---|---|---|---|---|---|---|---|---|
| Dewey Decimal Classification | MUST Main Library | MUST Main Library | 10/03/2020 | Purchase | 2011/34201 | 518 BHA 2004 | 2020-0666 | 10/03/2020 | Open Shelf | ||||||
| Dewey Decimal Classification | MUST Main Library | MUST Main Library | 11/06/2024 | Purchase | 11/34206 | 518 BHA 2004 | 2024-20272 | 11/06/2024 | Open Shelf | 11/06/2024 | |||||
| Dewey Decimal Classification | MUST Main Library | MUST Main Library | 30/07/2024 | Purchase | 11/34199 | 518 BHA 2004 | 2024-22220 | 30/07/2024 | Book | 30/07/2024 | |||||
| Dewey Decimal Classification | Main Kihumuro Campus | Main Kihumuro Campus | 30/07/2024 | Purchase | 11/34207 | 518 BHA 2004 | 2024-22221 | 30/07/2024 | Book | 30/07/2024 | |||||
| Dewey Decimal Classification | Main Kihumuro Campus | Main Kihumuro Campus | 30/07/2024 | Purchase | 518 BHA 2004 | 2024-22222 | 30/07/2024 | Book | 30/07/2024 |
